Otklonenije ot stechiometrii, difuzija i elektroprovodnosť v prostych okislach metallov

Saved in:
Bibliographic Details
Main Author: Kofstad, Per (Author)
Format: Book
Language:Russian
Published: Moskva : Mir, 1975
Tags: Add Tag
No Tags, Be the first to tag this record!

MARC

LEADER 00000nam a22000003a 4500
001 stu222995
005 20150617225659.6
008 110324s1975------------------------rus-d
040 |a STU  |b slo 
041 0 |a rus 
080 |a 541 
080 |a 548.3/.4 
100 1 |a Kofstad, Per  |4 aut 
245 1 |a Otklonenije ot stechiometrii, difuzija i elektroprovodnosť v prostych okislach metallov 
260 |a Moskva :  |b Mir,  |c 1975 
300 |a 396 s 
996 |b E37919  |c E*37919  |l EE05  |s P  |a 0  |w stu222995_0001